000 01117cam a2200313 a 4500
001 11835286
003 ARRUPE
005 20170112120936.0
008 990209s1997 ke a i000 0 eng d
010 _a 99490037
020 _a9280716719
035 _a(OCoLC)ocm40756693
040 _aMIA
_cMIA
_dDLC
042 _alccopycat
050 0 0 _aGE77
_b.Y68
082 0 0 _a363.7/0525
_221
100 _aMacharia, Winfred G.
_eed.
_928320
245 0 0 _aYoung action for the future.
_cedited by Macharia, Winfred G.
250 _a2nd ed. /
260 _aNairobi:
_bUnited Nations Environment Programme,
_c1997
300 _a152 p.;
_bill. ;
_c21cm.
650 0 _aEnvironmental sciences
_xStudy and teaching
_xActivity programs.
_928321
700 _aMacharia, Winfred G.
_eed.
_928320
710 2 _aCouncil for Environmental Education.
_928322
710 2 _aUnited Nations Environment Programme.
_928323
906 _a7
_bcbc
_ccopycat
_d3
_encip
_f19
_gy-gencatlg
942 _2lcc
_cMONOGRAPH
999 _c125972
_d125972